[Event "Tournament"]
[Site "masterchessopen.com Tashkent (Uzbekistan)"]
[Round "0"]
[White "Borisenko Georgy K (UZB)"]
[Black "Loginov Valery A (RUS)"]
[Result "1-0"]
[WhiteElo "2354"]
[BlackElo "2486"]

1.d4 Nf6 2.c4 g6 3.Nc3 Bg7 4.e4 d6 5.Be2 O-O 6.Bg5 h6 7.Be3 e5 8.d5 Nbd7 9.Qd2
Nc5 10.Bf3 Kh7 11.h3 c6 12.Nge2 cxd5 13.cxd5 Bd7 14.O-O a5 15.Rfc1 b5 16.Bxc5
dxc5 17.Nd1 Rc8 18.a4 b4 19.Ne3 h5 20.Rc2 Ne8 21.Nc4 f5 22.exf5 Bxf5 23.Ng3
Bxc2 24.Qxc2 Rxf3 25.gxf3 Nd6 26.Re1 h4 27.Nxd6 Qxd6 28.Ne4 Qxd5 29.Rd1 b3
30.Qc1 Qc6 31.Qg5 Qe6 32.Qxh4+ Kg8 33.Rd6 Qf5 34.Ng5 Kf8 35.Ne6+ Kg8 36.Qc4
Qc2 37.Qd5 Kh7 38.Rd7 Qxb2 39.Rxg7+ Kh6 40.Rh7+ {#r} 1-0

[Event "It \"]
[Site "masterchessopen.com London (England)"]
[Date "1981.08.28"]
[Round "4"]
[White "Seirawan Yasser (USA)"]
[Black "Kinlay Jonathan (ENG)"]
[Result "1-0"]
[WhiteElo "2565"]
[BlackElo "2220"]

1.c4 g6 2.Nc3 Bg7 3.d4 Nf6 4.e4 d6 5.Be2 O-O 6.Bg5 h6 7.Be3 e5 8.d5 Nbd7 9.Qd2
h5 10.f3 a5 11.h4 Nc5 12.Nh3 Nh7 13.Nf2 f5 14.exf5 gxf5 15.g4 e4 16.gxh5 f4
17.Bxc5 dxc5 18.Ncxe4 Bd4 19.Nd3 Be3 20.Qc3 b6 21.Nxf4 Bd4 22.Qd2 Nf6 23.Ng5
{#r} 1-0

[Event "Tournament"]
[Site "masterchessopen.com Athens (Greece)"]
[Round "0"]
[White "Grivas Efstratios (GRE)"]
[Black "Efstathiou Damianos (GRE)"]
[Result "1-0"]
[WhiteElo "2492"]
[BlackElo "2140"]

1.d4 Nf6 2.c4 g6 3.Nc3 Bg7 4.e4 d6 5.Be2 O-O 6.Bg5 h6 7.Bf4 c5 8.d5 e6 9.Nf3
exd5 10.exd5 g5 11.Bc1 a6 12.O-O Nbd7 13.a4 Re8 14.Ne1 Nf8 15.f4 g4 16.Bd3 Nh5
17.g3 f5 18.Nc2 b6 19.Be3 Ra7 20.Bf2 Bf6 21.Ne3 Ng7 22.Qc2 Qd7 23.Rae1 h5
24.Re2 Ng6 25.Rfe1 Ne7 26.Ng2 Qd8 27.Rb1 Bd7 28.b4 Qc7 29.a5 bxa5 30.bxc5 dxc5
31.Na4 Bxa4 32.Qxa4 Rc8 33.Qa3 Ng6 34.Ra2 Bd8 35.Be1 Rb7 36.Rxb7 Qxb7 37.Bxa5
Bf6 38.Bc3 Bxc3 39.Qxc3 Rb8 40.Bf1 {#r} 1-0

[Event "Ch URS (qual)"]
[Site "masterchessopen.com Ivano-Frankovsk (Ukraine)"]
[Round "0"]
[White "Lerner Konstantin Z (UKR)"]
[Black "Gufeld Eduard (USA)"]
[Result "1-0"]
[WhiteElo "2515"]
[BlackElo "2434"]

1.d4 Nf6 2.c4 g6 3.Nc3 Bg7 4.e4 d6 5.Be2 O-O 6.Bg5 h6 7.Be3 Nc6 8.d5 Ne5 9.h3
c6 10.Nf3 Nxf3+ 11.Bxf3 cxd5 12.cxd5 b5 13.O-O Bd7 14.Qd2 Kh7 15.Ne2 Qb8
16.Rac1 Qb7 17.Nd4 Rac8 18.Qa5 Rxc1 19.Rxc1 Rc8 20.Rxc8 Qxc8 21.Qxa7 Qc4
22.Nc6 e5 23.Qc7 Qxa2 24.b4 Be8 25.Qxd6 Qb1+ 26.Kh2 Nxe4 27.Bxe4 Qxe4 28.Ne7
Bf8 29.Qd8 Qxb4 30.d6 e4 31.g3 Bxe7 32.dxe7 Bc6 33.Bd4 f6 34.e8=Q Bxe8 35.Qxf6
Qxd4 36.Qxd4 {#r} 1-0

[Event "Ch URS (qual)"]
[Site "masterchessopen.com Ivano-Frankovsk (Ukraine)"]
[Round "0"]
[White "Petrosian Arshak B (ARM)"]
[Black "Dydyshko Viacheslav (BLR)"]
[Result "1-0"]
[WhiteElo "2475"]
[BlackElo "2450"]

1.d4 Nf6 2.c4 g6 3.Nc3 Bg7 4.e4 d6 5.Be2 O-O 6.Bg5 h6 7.Be3 e5 8.d5 Nbd7 9.Qd2
Nc5 10.f3 a5 11.O-O-O Kh7 12.g4 Rh8 13.Nh3 Ne8 14.Nf2 Qh4 15.Rdg1 Bd7 16.Rg3
Qe7 17.h4 c6 18.h5 g5 19.Rd1 Rc8 20.Kb1 cxd5 21.Nxd5 Qd8 22.Nd3 b6 23.Rgg1 Rb8
24.Ne1 Bf8 25.Nc2 Nc7 26.Nxb6 N7e6 27.Nd5 Bg7 28.Nc3 Ba4 29.Nb5 Qf6 30.b3 Bxb5
31.cxb5 Rhd8 32.Qc3 Qe7 33.Bc4 Nf4 34.Bxc5 dxc5 35.Qxa5 Rd4 36.Ne3 Bf8 37.a4
Qb7 38.Qc3 Be7 39.Nf5 Bd8 40.Nd6 Qa7 {#r} 1-0

[Event "?"]
[Site "masterchessopen.com Leipzig (Germany)"]
[Round "0"]
[White "Heinig Wolfram Dr (GER)"]
[Black "Vogt Lothar (GER)"]
[Result "0-1"]
[WhiteElo "2345"]
[BlackElo "2490"]

1.d4 Nf6 2.c4 g6 3.Nc3 Bg7 4.e4 d6 5.Be2 O-O 6.Bg5 h6 7.Be3 e5 8.d5 c6 9.Qd2
h5 10.f3 a6 11.Rb1 cxd5 12.cxd5 Nh7 13.Bd3 Nd7 14.Nge2 Bf6 15.O-O Bg5 16.b4 h4
17.a4 Bxe3+ 18.Qxe3 Ndf6 19.a5 Bd7 20.Rbc1 Nh5 21.Nd1 Rc8 22.Rxc8 Bxc8 23.Nb2
h3 24.g3 f5 25.Nc4 f4 26.Qf2 fxg3 27.hxg3 Bg4 28.Qe3 Ng5 29.fxg4 h2+ 30.Kxh2
Rxf1 31.gxh5 Rf3 32.Qd2 Qf6 33.Ne3 Rf2+ {#R} 0-1

[Event "It"]
[Site "masterchessopen.com Trnava (Slovakia)"]
[Round "0"]
[White "Meduna Eduard (CZE)"]
[Black "Hausner Ivan (CZE)"]
[Result "1-0"]
[WhiteElo "2480"]
[BlackElo "2407"]

1.d4 Nf6 2.c4 g6 3.Nc3 Bg7 4.e4 d6 5.Be2 O-O 6.Bg5 h6 7.Be3 e5 8.d5 Ne8 9.g4
f5 10.gxf5 gxf5 11.exf5 Nf6 12.Qd2 Kh7 13.Nf3 Bxf5 14.Rg1 Ng8 15.O-O-O Kh8
16.Rg3 Nd7 17.Rdg1 Rf7 18.Bd3 Bxd3 19.Qxd3 Nf8 20.Ne4 Nh7 21.Kb1 Ne7 22.Nh4
Qd7 23.a3 b6 24.Ka1 Nf5 25.Nxf5 Qxf5 26.Nxd6 Qxd3 27.Nxf7+ Kg8 28.Rxg7+ Kf8
29.Nxe5 {#r} 1-0

[Event "Zt (cat.12)"]
[Site "masterchessopen.com Yerevan (Armenia)"]
[Round "7"]
[White "Agzamov Georgy T (RUS)"]
[Black "Kupreichik Viktor D (BLR)"]
[Result "1-0"]
[WhiteElo "2530"]
[BlackElo "2570"]

1.d4 Nf6 2.c4 g6 3.Nc3 Bg7 4.e4 O-O 5.Be2 d6 6.Bg5 h6 7.Be3 e5 8.dxe5 dxe5
9.Qxd8 Rxd8 10.Nd5 Na6 11.O-O-O Kh7 12.Nxf6+ Bxf6 13.Rxd8 Bxd8 14.Nf3 f6 15.c5
Be7 16.Bxa6 bxa6 17.Nd2 Be6 18.Kc2 a5 19.Kc3 Rb8 20.b3 Kg7 21.f3 Rb5 22.a4 Rb4
23.c6 Rb8 24.Nc4 Bb4+ 25.Kc2 Rd8 26.Rd1 Rxd1 27.Kxd1 a6 28.Ba7 Kf8 29.Bb8 Bd6
30.Kc2 Ke7 31.Nxa5 f5 32.h3 fxe4 33.fxe4 g5 34.Nc4 Bf7 35.Ne3 Bc5 36.Nd5+ Bxd5
37.exd5 Kd6 38.Kd3 a5 39.Kc4 e4 40.Bxc7+ {#r} 1-0

[Event "It \"]
[Site "masterchessopen.com Finland"]
[Round "1"]
[White "Ojanen Kaarle S (FIN)"]
[Black "Yrjola Jouni (FIN)"]
[Result "0-1"]
[WhiteElo "2335"]
[BlackElo "2310"]

1.d4 Nf6 2.c4 g6 3.Nc3 Bg7 4.e4 d6 5.Be2 O-O 6.Bg5 h6 7.Be3 e5 8.d5 c6 9.g4 a6
10.a4 Ne8 11.Qc1 Kh7 12.h4 f5 13.h5 f4 14.hxg6+ Kxg6 15.Bd2 Nf6 16.Nf3 Nxg4
17.Nh4+ Kh7 18.Nf5 Bxf5 19.exf5 Nf6 20.Qc2 cxd5 21.cxd5 Nbd7 22.O-O-O b5
23.Kb1 b4 24.Ne4 b3 25.Nxf6+ Qxf6 26.Qxb3 Rab8 27.Qc2 e4 28.Bc3 Qxc3 29.Rxh6+
Kg8 30.Qxc3 Bxc3 31.Rg1+ Bg7 32.Rxd6 Rxb2+ 33.Kc1 Rc8+ 34.Rc6 Rcb8 35.Bd1 Ne5
36.Bc2 Nxc6 37.dxc6 Kf7 38.Bxe4 Be5 39.Rh1 Rxf2 40.c7 Rc8 {#R} 0-1

[Event "It (open)"]
[Site "masterchessopen.com Leipzig (Germany)"]
[Round "0"]
[White "Lukacs Peter (HUN)"]
[Black "Uhlmann Wolfgang (GER)"]
[Result "1-0"]
[WhiteElo "2440"]
[BlackElo "2505"]

1.d4 Nf6 2.c4 g6 3.Nc3 Bg7 4.e4 d6 5.Be2 O-O 6.Bg5 h6 7.Be3 e5 8.d5 c6 9.Qd2
h5 10.Bg5 cxd5 11.cxd5 Qb6 12.Nf3 Ng4 13.O-O f6 14.Bh4 g5 15.h3 Nh6 16.Bg3 Nd7
17.Qc2 Nc5 18.Nd2 f5 19.Nc4 Qd8 20.exf5 h4 21.Bh2 Nxf5 22.b4 Na6 23.a3 Nc7
24.Qd1 Bd7 25.Rc1 Qe7 26.Bd3 Ne8 27.Re1 Rc8 28.Na5 Nd4 29.Qh5 Bf5 30.Bxf5 Rxf5
31.Ne4 Rb8 32.Qg6 Qf7 33.Qxf7+ Kxf7 34.Nc4 Ke7 35.Ncxd6 Nxd6 36.Rc7+ Kd8
37.Rxg7 Nf7 38.Rg8+ Kc7 39.d6+ Nxd6 40.Rxb8 {#r} 1-0

[Event "Ch Belarus"]
[Site "masterchessopen.com Minsk (Belarus)"]
[Round "17"]
[White "Dydyshko Viacheslav (BLR)"]
[Black "Kovalev Andrei (BLR)"]
[Result "1-0"]
[WhiteElo "2460"]
[BlackElo "2513"]

1.d4 Nf6 2.c4 g6 3.Nc3 Bg7 4.e4 d6 5.Be2 O-O 6.Bg5 h6 7.Be3 e5 8.d5 Nbd7 9.Qd2
Nc5 10.f3 Nh5 11.O-O-O Nf4 12.Bf1 Kh7 13.g3 Nh5 14.Nge2 f5 15.exf5 gxf5 16.Rg1
Nf6 17.Kb1 Bd7 18.Qc2 Qe8 19.h3 Kh8 20.g4 e4 21.Nf4 Na4 22.Nb5 exf3 23.Bd4 f2
24.Qxf2 Nc5 25.g5 hxg5 26.Rxg5 Nce4 27.Qh4+ Kg8 28.Nxc7 Qf7 29.Rg2 Ba4 30.b3
Ng4 31.hxg4 Bxd4 32.Rxd4 {#r} 1-0

[Event "Ch Belarus"]
[Site "masterchessopen.com Minsk (Belarus)"]
[Round "2"]
[White "Shereshevski Mikhail (BLR)"]
[Black "Maryasin Boris (ISR)"]
[Result "1-0"]
[WhiteElo "2475"]
[BlackElo "2318"]

1.d4 Nf6 2.c4 g6 3.Nc3 Bg7 4.e4 d6 5.Be2 O-O 6.Bg5 h6 7.Be3 e5 8.d5 Na6 9.Qd2
Nc5 10.f3 Nh5 11.g3 Kh7 12.O-O-O a5 13.f4 Nf6 14.Bxc5 dxc5 15.Nf3 Nd7 16.f5
Nf6 17.Bd3 Re8 18.Qc2 a4 19.a3 Bd7 20.Rhg1 gxf5 21.exf5 e4 22.Bxe4 Nxe4
23.Nxe4 Bxf5 24.Neg5+ hxg5 25.Qxf5+ Kg8 26.Nxg5 {#r} 1-0

[Event "Ch Bulgaria"]
[Site "masterchessopen.com Pernik (Bulgaria)"]
[Round "12"]
[White "Kolev Atanas (BUL)"]
[Black "Grigorov Jordan N (BUL)"]
[Result "1-0"]
[WhiteElo "2591"]
[BlackElo "2380"]

1.d4 Nf6 2.c4 g6 3.Nc3 Bg7 4.e4 O-O 5.Be2 d6 6.Bg5 h6 7.Be3 e5 8.d5 Nbd7 9.Qd2
Nc5 10.f3 Nh5 11.O-O-O Kh7 12.g3 Re8 13.Bf1 a5 14.Nge2 a4 15.h4 a3 16.b3 Na6
17.Kb1 f5 18.Bh3 Rf8 19.exf5 gxf5 20.g4 fxg4 21.Bxg4 Qe8 22.Rhg1 Bxg4 23.fxg4
Nf4 24.Ng3 Kh8 25.Qc2 e4 26.Bd4 Bxd4 27.Rxd4 Nb4 28.Qxe4 Nfd3 29.Nf5 Qxe4
30.Rxe4 h5 31.Re6 Nf4 32.Rh6+ Kg8 33.gxh5+ Kf7 34.Rg7+ Ke8 35.Nb5 Na6 36.Nbd4
Nc5 37.Rhh7 Kd8 38.Rxc7 Ne2 39.Ne6+ Nxe6 40.Rhd7+ {#r} 1-0

[Event "Tournament \"]
[Site "masterchessopen.com Chicago (USA)"]
[Round "4"]
[White "Frumkin Edward (USA)"]
[Black "Wallach Kenneth (USA)"]
[Result "1-0"]
[WhiteElo "1994"]
[BlackElo "2176"]

1.d4 Nf6 2.c4 g6 3.Nc3 Bg7 4.e4 d6 5.Be2 O-O 6.Bg5 h6 7.Be3 e5 8.d5 Nbd7 9.Qd2
h5 10.Bg5 Nc5 11.f3 Bd7 12.Bd1 Qe8 13.b4 Na6 14.a3 Nh7 15.Be3 f5 16.Nge2 Nf6
17.Bc2 f4 18.Bf2 g5 19.h3 g4 20.hxg4 hxg4 21.O-O-O Kf7 22.Nxf4 exf4 23.Bd4 Rh8
24.Qxf4 Qe7 25.b5 gxf3 26.bxa6 fxg2 27.Rxh8 Rxh8 28.axb7 Rb8 29.Rg1 Bh3 30.Qh4
Nxd5 31.Qh5+ Kg8 32.Nxd5 Qf8 33.Qxh3 Bxd4 34.Rxg2+ Bg7 35.Rg5 Rxb7 36.Qe6+ Qf7
37.Ne7+ Kf8 38.Rf5 {#r} 1-0

[Event "?"]
[Site "masterchessopen.com Kecskemet (Hungary)"]
[Round "0"]
[White "Polyak Istvan (HUN)"]
[Black "Uhlmann Wolfgang (GER)"]
[Result "0-1"]
[WhiteElo "2105"]
[BlackElo "2480"]

1.d4 Nf6 2.c4 g6 3.Nc3 Bg7 4.e4 d6 5.Be2 O-O 6.Bg5 h6 7.Be3 e5 8.d5 c6 9.Qd2
h5 10.f3 a6 11.a4 a5 12.Rd1 Na6 13.dxc6 bxc6 14.Qxd6 Qxd6 15.Rxd6 Nb4 16.Rd2
Re8 17.h4 Bf8 18.Nh3 Nd7 19.g4 hxg4 20.fxg4 Nc5 21.Bd1 Nbd3+ 22.Kf1 Rb8 23.b3
Nc1 24.Rb2 N1d3 25.Rd2 Rb7 26.Na2 Nf4 27.Nxf4 exf4 28.Bxc5 Bxc5 29.Rd3 Kg7
30.Nc3 f3 31.g5 Bg4 32.Bc2 Ree7 33.Rd2 Bb4 34.Rd3 Red7 35.Nd1 Rxd3 36.Bxd3 Bc5
37.Nf2 Rxb3 {#R} 0-1

[Event "Ch Canada"]
[Site "masterchessopen.com Ottawa (Canada)"]
[Round "0"]
[White "Baragar Fletcher (CAN)"]
[Black "Morrison Robert (CAN)"]
[Result "0-1"]
[WhiteElo "2280"]
[BlackElo "2380"]

1.d4 Nf6 2.c4 g6 3.Nc3 Bg7 4.e4 d6 5.Be2 O-O 6.Bg5 h6 7.Be3 c5 8.e5 Ne8 9.exd6
Nxd6 10.d5 Na6 11.Qd2 Nf5 12.Nf3 e5 13.dxe6 Bxe6 14.O-O Nxe3 15.Qxe3 Re8
16.Rad1 Qa5 17.Qc1 Nb4 18.a3 Nc6 19.Rfe1 Rad8 20.Nd5 Bxd5 21.cxd5 Nd4 22.Nxd4
Bxd4 23.b4 Qb6 24.Qc4 Re4 25.Qb5 Rde8 26.Qxb6 axb6 27.Kf1 Bc3 28.bxc5 bxc5
29.d6 Bxe1 {#R} 0-1

[Event "Ch DDR (team)"]
[Site "masterchessopen.com DDR"]
[Round "0"]
[White "Boensch Uwe (GER)"]
[Black "Uhlmann Wolfgang (GER)"]
[Result "1-0"]
[WhiteElo "2460"]
[BlackElo "2515"]

1.d4 Nf6 2.c4 g6 3.Nc3 Bg7 4.e4 d6 5.Be2 O-O 6.Bg5 h6 7.Be3 e5 8.d5 c6 9.Qd2
h5 10.f3 a6 11.Bd3 cxd5 12.cxd5 Nbd7 13.Nge2 Nh7 14.O-O Bf6 15.a4 Nc5 16.Bc2
a5 17.Kh1 Bg5 18.Bxg5 Qxg5 19.Qxg5 Nxg5 20.Nb5 Ra6 21.Nec3 Bd7 22.f4 exf4
23.Rxf4 Bxb5 24.axb5 Raa8 25.b6 Ra6 26.h4 Nh7 27.e5 dxe5 28.Rc4 Nd7 29.Rc7
Nhf6 30.Rxb7 Rxb6 31.Rxb6 Nxb6 32.Rxa5 Ra8 33.Rxa8+ Nxa8 34.d6 Nd7 35.b4 Nf8
36.Nd5 {#r} 1-0

[Event "Ch URS (qual)"]
[Site "masterchessopen.com Kostroma (Russia)"]
[Round "0"]
[White "Basin Leonid (RUS)"]
[Black "Kochyev Alexander (RUS)"]
[Result "1-0"]
[WhiteElo "2420"]
[BlackElo "2465"]

1.d4 Nf6 2.c4 g6 3.Nc3 Bg7 4.e4 d6 5.Be2 O-O 6.Bg5 h6 7.Be3 e5 8.d5 c6 9.Qd2
h5 10.h3 cxd5 11.cxd5 Na6 12.Nf3 Nh7 13.g4 Nf6 14.Ng5 hxg4 15.hxg4 Bxg4 16.f3
Bd7 17.O-O-O Nc5 18.Kb1 Qa5 19.f4 exf4 20.Bd4 Rfe8 21.Qxf4 Re5 22.Rh7 Qd8
23.Rxg7+ Kxg7 24.Bxe5 dxe5 25.Qxe5 Qb6 26.Qe7 Rf8 27.Rf1 Be8 28.Ne6+ {#r} 1-0

[Event "?"]
[Site "masterchessopen.com Luanda (Angola)"]
[Round "0"]
[White "Ubilava Elizbar (ESP)"]
[Black "Braga Cicero (BRA)"]
[Result "1-0"]
[WhiteElo "2485"]
[BlackElo "2416"]

1.d4 Nf6 2.c4 g6 3.Nc3 Bg7 4.e4 d6 5.Be2 O-O 6.Bg5 h6 7.Be3 e5 8.d5 c6 9.Qc2
cxd5 10.cxd5 h5 11.f3 a6 12.h4 b5 13.Nh3 Bxh3 14.Rxh3 Nbd7 15.Rh1 Qc7 16.Kf2
Rfc8 17.Rhc1 Qb7 18.b4 Nb6 19.a4 Nc4 20.Bxc4 bxc4 21.a5 Nd7 22.Kg1 Bf6 23.Bf2
Rab8 24.Rab1 Bd8 25.Kh2 Kh7 26.Qe2 Nf6 27.Be1 Ne8 28.Nd1 Qb5 29.Ne3 c3 30.Qxb5
Rxb5 31.Rxc3 Rxc3 32.Bxc3 Bxa5 33.Nc4 Bd8 34.Ra1 Bxh4 35.Rxa6 Bf2 36.Ra8 Nc7
37.Rc8 Nxd5 38.exd5 Rxd5 39.Nxd6 h4 40.Ne4 Bg3+ {#r} 1-0

[Event "It (open)"]
[Site "masterchessopen.com Lugano (Switzerland)"]
[Round "0"]
[White "Peric Slavisa (SRB)"]
[Black "Pantaleoni Claudio (ITA)"]
[Result "1-0"]
[WhiteElo "2245"]
[BlackElo "2166"]

1.d4 Nf6 2.c4 g6 3.Nc3 Bg7 4.e4 d6 5.Be2 O-O 6.Bg5 h6 7.Be3 c5 8.d5 e6 9.Qd2
exd5 10.cxd5 Re8 11.f3 Kh7 12.h4 Nbd7 13.Nh3 a6 14.Nf2 b5 15.g4 Nb6 16.g5 Nh5
17.gxh6 Bf6 18.Bg5 b4 19.Ncd1 Ng3 20.Rg1 Nxe2 21.Kxe2 a5 22.Kf1 Ba6+ 23.Kg2
Ra7 24.Ng4 Bxg5 25.hxg5 Nd7 26.Qf4 Qe7 27.Ndf2 c4 28.Nh3 Rc7 29.Rge1 c3
30.bxc3 Rxc3 31.Nf6+ Nxf6 32.gxf6 Rc2+ 33.Kg3 Qd7 34.Ng5+ Kh8 35.h7 Bc8 36.Qh4
Re5 37.Rh1 Qa7 38.Raf1 {#r} 1-0

[Event "Ch URS (1 liga)"]
[Site "masterchessopen.com Minsk (Belarus)"]
[Round "0"]
[White "Malaniuk Vladimir P (UKR)"]
[Black "Rashkovsky Nukhim N (RUS)"]
[Result "1-0"]
[WhiteElo "2465"]
[BlackElo "2410"]

1.d4 Nf6 2.c4 g6 3.Nc3 Bg7 4.e4 d6 5.Be2 O-O 6.Bg5 h6 7.Be3 e5 8.d5 Na6 9.Qd2
Nc5 10.f3 Nh5 11.Bd1 f5 12.Bc2 fxe4 13.Bxc5 dxc5 14.Nxe4 c6 15.O-O-O cxd5
16.cxd5 c4 17.Ne2 b5 18.d6 Bd7 19.N2c3 Nf4 20.Nd5 b4 21.Ne7+ Kh7 22.Qxb4 Rb8
23.Qc5 Rb7 24.h4 Qb8 25.g3 Ne2+ 26.Kd2 Be8 {#r} 1-0

[Event "It"]
[Site "masterchessopen.com Calcutta (India)"]
[Round "0"]
[White "Palatnik Semon (USA)"]
[Black "Thipsay Praveen M (IND)"]
[Result "1-0"]
[WhiteElo "2460"]
[BlackElo "2485"]

1.d4 Nf6 2.c4 g6 3.Nc3 Bg7 4.e4 d6 5.Be2 O-O 6.Bg5 h6 7.Be3 e5 8.d5 c6 9.Qd2
h5 10.f3 a6 11.h4 cxd5 12.cxd5 b5 13.Nh3 Nbd7 14.Ng5 Nc5 15.b4 Na4 16.Nxa4
bxa4 17.Rc1 Bd7 18.O-O Qb8 19.a3 Ne8 20.Rc3 Bf6 21.Rfc1 Bd8 22.g3 Ng7 23.Bf1
Bb6 24.Bh3 Bb5 25.Qf2 Bxe3 26.Qxe3 Qa7 27.Qxa7 Rxa7 28.Rc7 Rxc7 29.Rxc7 Ne8
30.Ra7 Ng7 31.Kf2 f5 32.Rxg7+ Kxg7 33.Ne6+ Kg8 34.Nxf8 Kxf8 35.exf5 gxf5
36.Bxf5 Kg7 37.Ke3 Bc4 38.Be4 Kf6 39.g4 Kg7 40.g5 {#r} 1-0

[Event "Ch URS (1 liga)"]
[Site "masterchessopen.com Kuibyshev (Russia)"]
[Round "0"]
[White "Rashkovsky Nukhim N (RUS)"]
[Black "Temirbaev Serik (KAZ)"]
[Result "1-0"]
[WhiteElo "2445"]
[BlackElo "2406"]

1.d4 Nf6 2.c4 g6 3.Nc3 Bg7 4.e4 d6 5.Be2 O-O 6.Bg5 h6 7.Be3 c5 8.dxc5 Qa5
9.Bd2 dxc5 10.e5 Nh7 11.f4 Nc6 12.Nf3 Qd8 13.O-O Nd4 14.Be3 Nxe2+ 15.Qxe2 Bf5
16.Rfd1 Qc8 17.a3 b6 18.b4 cxb4 19.axb4 Qb7 20.Nd4 Rfc8 21.Nxf5 gxf5 22.c5 Nf8
23.Nd5 e6 24.Nc3 bxc5 25.bxc5 f6 26.Rab1 Qe7 27.exf6 Qxf6 28.Nb5 a5 29.Nd6 Rc7
30.Qf3 Rd8 31.c6 Qe7 32.Bc5 e5 33.Qd5+ Kh7 34.Bb6 {#r} 1-0

[Event "?"]
[Site "masterchessopen.com New York (USA)"]
[Round "0"]
[White "Alburt Lev O (USA)"]
[Black "Rizzitano James (USA)"]
[Result "0-1"]
[WhiteElo "2525"]
[BlackElo "2310"]

1.d4 Nf6 2.c4 g6 3.Nc3 Bg7 4.e4 d6 5.Be2 O-O 6.Bg5 h6 7.Be3 e5 8.d5 Nbd7 9.h4
Nc5 10.Qc2 c6 11.h5 cxd5 12.cxd5 g5 13.b4 Ncxe4 14.Nxe4 Nxd5 15.Qd2 Be6 16.g4
a5 17.Bc4 Nxb4 18.Nxd6 e4 19.Rd1 Bxc4 20.Nxc4 Qc7 21.Qe2 Nd3+ 22.Rxd3 exd3
23.Qxd3 b5 24.Nd2 Qc1+ 25.Ke2 Rad8 26.Qxb5 Bc3 27.Qc6 Rxd2+ 28.Bxd2 Qxd2+
29.Kf3 Qf4+ 30.Ke2 Qxg4+ 31.Nf3 Rc8 32.Rg1 Qf5 33.Qxh6 {#R} 0-1

[Event "It (open)"]
[Site "masterchessopen.com Reykjavik (Iceland)"]
[Round "6"]
[White "Alburt Lev O (USA)"]
[Black "Wilder Michael (USA)"]
[Result "1-0"]
[WhiteElo "2525"]
[BlackElo "2465"]

1.d4 Nf6 2.c4 g6 3.Nc3 Bg7 4.e4 d6 5.Be2 O-O 6.Bg5 h6 7.Be3 e5 8.d5 Nbd7 9.Qd2
h5 10.f3 Nh7 11.g4 hxg4 12.fxg4 f5 13.gxf5 gxf5 14.exf5 Qh4+ 15.Bf2 Qf6 16.Nf3
Nc5 17.Rg1 Kh8 18.O-O-O Bh6 19.Be3 Bxe3 20.Qxe3 Bxf5 21.Rdf1 a5 22.Rg3 Rg8
23.Nb5 Rxg3 24.hxg3 Bh3 25.Rh1 Bf5 26.Nxc7 Rg8 27.Rh6 Rg6 28.Rxg6 Bxg6 29.Nh4
Bf7 30.Nb5 Bg8 31.Qf3 Qh6+ 32.Kd1 Ng5 33.Qh5 Qxh5 34.Bxh5 Nge4 35.Nf5 Nd3
36.Nbxd6 Nxb2+ 37.Kc2 Nxd6 38.Nxd6 Nxc4 39.Nxc4 Bxd5 40.Be2 {#r} 1-0

[Event "It (open)"]
[Site "masterchessopen.com West Berlin (Germany)"]
[Round "0"]
[White "Muse Mladen (CRO)"]
[Black "Kandelshine Shlomo (ISR)"]
[Result "1-0"]
[WhiteElo "2443"]
[BlackElo "2225"]

1.d4 Nf6 2.c4 g6 3.Nc3 Bg7 4.e4 d6 5.Be2 O-O 6.Bg5 h6 7.Be3 Nc6 8.d5 Ne5 9.h3
c6 10.Qd2 cxd5 11.cxd5 Kh7 12.f4 Ned7 13.g4 Nc5 14.Bf3 a5 15.Nge2 Nfd7 16.Bd4
f6 17.h4 Rb8 18.Nb5 b6 19.Be3 Ba6 20.Ned4 Bxb5 21.Nxb5 f5 22.exf5 gxf5 23.g5
Bxb2 24.Rb1 Bg7 25.Bd4 Bxd4 26.Nxd4 Qe8 27.Qe3 Qf7 28.Ne6 Rg8 29.h5 hxg5
30.fxg5 {#r} 1-0

[Event "Ch City (qual)"]
[Site "masterchessopen.com Rio de Janeiro (Brazil)"]
[Date "1986.07.18"]
[Round "5"]
[White "Kubrusly Jose Cristovam (BRA)"]
[Black "Simkes Jefferson"]
[Result "1-0"]
[WhiteElo "2228"]
[BlackElo "1730"]

1.d4 Nf6 2.c4 g6 3.Nc3 Bg7 4.e4 d6 5.Be2 O-O 6.Bg5 h6 7.Be3 e5 8.d5 c6 9.g4
cxd5 10.cxd5 Qa5 11.f3 Ne8 12.Qd2 Kh7 13.h4 Nd7 14.Nh3 Nc5 15.Bd1 Bd7 16.a3
Qd8 17.b4 Na6 18.Rc1 Nac7 19.Be2 Rh8 20.Nf2 Bf8 21.a4 Kg7 22.f4 Be7 23.g5 h5
24.Nd3 f6 25.Rg1 fxg5 26.hxg5 Rf8 27.fxe5 dxe5 28.Nxe5 Bxb4 29.Nxd7 Qxd7
30.Qd4+ {#r} 1-0

[Event "Tournament (a)"]
[Site "masterchessopen.com Aarhus (Denmark)"]
[Round "3"]
[White "Jakobsen Peter (DEN)"]
[Black "Rewitz Jan (DEN)"]
[Result "1-0"]
[WhiteElo "2230"]
[BlackElo "2082"]

1.d4 Nf6 2.c4 g6 3.Nc3 Bg7 4.e4 d6 5.Be2 O-O 6.Bg5 h6 7.Be3 e5 8.d5 Nbd7 9.Qd2
Kh7 10.g4 Nc5 11.f3 c6 12.b4 cxd5 13.cxd5 Na6 14.a3 Bd7 15.h4 h5 16.Nh3 hxg4
17.Ng5+ Kg8 18.h5 Nxh5 19.fxg4 Nf4 20.Nh7 Re8 21.g5 Nh3 22.Bf1 Kxh7 23.Bxh3
Kg8 24.Ke2 Rc8 25.Rac1 Rc4 26.Qd3 Rd4 27.Bxd4 exd4 28.Nd1 Bxh3 29.Rxh3 Qxg5
30.Rc2 f5 31.Kf1 fxe4 32.Qg3 Rf8+ 33.Kg1 Qxd5 34.Rg2 {#r} 1-0

[Event "Ch Poland (team)"]
[Site "masterchessopen.com Jachranka (Poland)"]
[Round "4"]
[White "Bus Mariusz (POL)"]
[Black "Figiel Marek (POL)"]
[Result "1-0"]
[WhiteElo "2372"]
[BlackElo "2266"]

1.d4 Nf6 2.c4 g6 3.Nc3 Bg7 4.e4 d6 5.Be2 O-O 6.Bg5 h6 7.Be3 e5 8.d5 Na6 9.f3
c5 10.Qd2 h5 11.a3 Nc7 12.b4 b6 13.Bd1 Nh7 14.Ba4 f5 15.Nge2 Ba6 16.Bc6 Rb8
17.Nb5 f4 18.Bf2 Nxb5 19.cxb5 Bc8 20.a4 g5 21.a5 cxb4 22.axb6 axb6 23.Qxb4 g4
24.Kd1 Bf6 25.Ra7 Ng5 26.Qa3 h4 27.Bxh4 Nxe4 28.Bxf6 Nf2+ 29.Ke1 Qxf6 30.Kxf2
Qh4+ 31.Kf1 gxf3 32.Qxf3 Bg4 33.Qf2 Qh6 34.Ke1 Qg6 35.Nc3 f3 36.Rg1 Qd3
37.gxf3 Rxf3 38.Rxg4+ Kf8 39.Rg8+ {#r} 1-0

[Event "It (open)"]
[Site "masterchessopen.com Ragusa (Italy)"]
[Round "0"]
[White "Pagano Nunzio (ITA)"]
[Black "Fabiano Giuseppe (ITA)"]
[Result "0-1"]
[WhiteElo "1973"]
[BlackElo "2147"]

1.d4 Nf6 2.c4 g6 3.Nc3 Bg7 4.e4 d6 5.Be2 O-O 6.Bg5 h6 7.Be3 e5 8.d5 Nbd7 9.f3
Nh5 10.Qd2 Nf4 11.Bf1 Kh7 12.g3 Nh5 13.g4 Nf4 14.Bxf4 exf4 15.Qxf4 Ne5 16.Qg3
f5 17.gxf5 gxf5 18.f4 fxe4 19.Nxe4 Bf5 20.Nf2 Ng6 21.Bd3 Bxb2 22.Bxf5 Rxf5
23.Rb1 Bg7 24.Ne2 Qe7 25.Kd2 Re8 26.Rhe1 Qf7 27.Nd3 Re4 28.Rg1 Rxc4 29.Rg2 Ne7
30.Rxb7 Rxd5 31.Rxa7 Nf5 32.Qh3 Qf6 33.Ke1 Qa1+ 34.Kd2 Qb2+ 35.Ke1 Qb1+
36.Ndc1 Rxc1+ 37.Nxc1 Qxc1+ {#R} 0-1

[Event "Ch Armed Forces"]
[Site "masterchessopen.com Sverdlovsk (Russia)"]
[Round "0"]
[White "Moskalenko Viktor (UKR)"]
[Black "Yermolinsky Alex (USA)"]
[Result "0-1"]
[WhiteElo "2435"]
[BlackElo "2445"]

1.d4 Nf6 2.c4 g6 3.Nc3 Bg7 4.e4 d6 5.Be2 O-O 6.Bg5 h6 7.Be3 e5 8.d5 c6 9.g4
cxd5 10.cxd5 Na6 11.h4 Nc5 12.f3 h5 13.b4 Ncd7 14.Nh3 a5 15.a3 Nb6 16.Nf2 Bd7
17.Rb1 Qc7 18.Rc1 Nc4 19.Bxc4 Qxc4 20.g5 Nh7 21.Na4 Qa2 22.Nb6 Qxa3 23.Bd2
Rad8 24.Nc4 Qa2 25.Rc2 Qa4 26.Nxd6 axb4 27.Nxb7 b3 28.Rc3 b2 29.Qb1 Rb8
30.Qxb2 f5 31.Nd3 fxe4 32.Ndc5 Qa7 33.fxe4 Bc8 34.Be3 Bxb7 35.Nd7 Qa4 36.Nxb8
Qxe4 37.Qxb7 Qxh1+ 38.Kd2 Qh2+ {#R} 0-1